| Tag |
First Indicator |
Second Indicator |
Subfields |
| LEADER |
00000cam a2200000 a 4500 |
| 001 |
in00000007929 |
| 005 |
20151002070057.0 |
| 008 |
870211s1987 nju b 00110 eng |
| 010 |
|
|
|a 87002439
|
| 020 |
|
|
|a 0691047456 (alk. paper) :
|c $35.00
|
| 035 |
|
|
|a (OCoLC)15252093
|
| 035 |
|
|
|9 AAA0272AM
|
| 040 |
|
|
|a DLC
|c DLC
|d TXA
|d UtOrBLW
|
| 043 |
|
|
|a n-us---
|
| 050 |
0 |
0 |
|a E210
|b .M36 1987
|
| 100 |
1 |
|
|a Marston, Jerrilyn Greene,
|d 1945-
|
| 245 |
1 |
0 |
|a King and Congress :
|b the transfer of political legitimacy, 1774- 1776 /
|c Jerrilyn Greene Marston.
|
| 264 |
|
1 |
|a Princeton, N.J. :
|b Princeton University Press,
|c [1987]
|
| 264 |
|
4 |
|c ©1987
|
| 300 |
|
|
|a xiii, 462 pages ;
|c 25 cm.
|
| 336 |
|
|
|a text
|b txt
|2 rdacontent
|
| 337 |
|
|
|a unmediated
|b n
|2 rdamedia
|
| 338 |
|
|
|a volume
|b nc
|2 rdacarrier
|
| 500 |
|
|
|a Revision of the author's thesis (Ph. D.)--Boston University, 1975.
|
| 504 |
|
|
|a Bibliography: pages [321]-449.
|
| 500 |
|
|
|a Includes index.
|
| 651 |
|
0 |
|a United States
|x Politics and government
|y 1775-1783.
|
| 610 |
1 |
0 |
|a United States.
|b Continental Congress.
|
| 650 |
|
0 |
|a Executive power
|z United States
|x History
|y 18th century.
|
| 999 |
|
|
|a MARS
|
| 999 |
f |
f |
|s f90425b0-7abf-34ea-ba0d-0d2b26c3be88
|i 0941a70d-f9c1-364d-9e93-271b9b34d8d2
|t 0
|
| 952 |
f |
f |
|p normal
|a Texas A&M University
|b College Station
|c Sterling C. Evans Library
|d Evans: Library Stacks
|t 0
|e E210 .M36 1987
|h Library of Congress classification
|i unmediated -- volume
|m A14812557395
|
| 998 |
f |
f |
|a E210 .M36 1987
|t 0
|l Evans: Library Stacks
|